000 00958cam a2200289 a 4500
001 2996803
003 GBCCL
005 20251024114633.0
008 930818s1993 ilu 000 0 eng
020 _a156476138X
035 _a2996803
040 _aDLC
_cDLC
_dDLC
082 0 0 _a230.046
_220
_bBLA 1
100 1 _aBlaising, Craig A.
245 1 0 _aProgressive dispensationalism /
_c Craig A. Blaising & Darrell L. Bock.
260 _aWheaton, Ill. :
_bBridgePoint,
_cc1993.
300 _a336 p. ;
_c23 cm.
336 _atext
_btxt
_2rdacontent
337 _aunmediated
_bn
_2rdamedia
338 _avolume
_bnc
_2rdacarrier
650 0 _aDispensationalism.
700 1 _aBock, Darrell L.
906 _a7
_bcbc
_corignew
_d1
_eocip
_f19
_gy-gencatlg
942 _2ddc
_cBK
_n0
999 _c10955
_d10955